Antología de la poesía hispanoamericana

Gardado en:
Detalles Bibliográficos
Autor Principal: Caillet Bois, Julio (Author)
Formato: Libro
Idioma:Lingua castelá
Publicado: Madrid Aguilar 1958
Subjects:
Tags: Engadir etiqueta
Sen Etiquetas, Sexa o primeiro en etiquetar este rexistro!

MARC

LEADER 00000nam a2200000 a 4500
001 UCT6680
003 CL-VaPUC
005 20240924105139.0
008 970113e19580000SP |||||||||||||||||spa|d
999 |c 255359  |d 255357 
040 |c Pontificia Universidad Católica de Valparaíso 
082 0 4 |a H861  |b CAI  |2 21 
100 0 |a Caillet Bois, Julio  |e author  |9 376924 
245 1 0 |a Antología de la poesía hispanoamericana 
260 |a Madrid  |b Aguilar  |c 1958 
300 |a 1987 p 
583 |a last modification  |c 19970113 00:00:00  |k Rodrigo Vera 
600 0 7 |a DARIO, RUBEN  |2 CL-VaPUC  |9 268402 
600 0 7 |a Nervo, Amado,  |d 1870-1919  |9 515665 
600 0 |a Lugones, Leopoldo,  |d 1874-1938  |9 313722 
600 0 7 |a CHOCANO, JOSE SANTOS  |2 CL-VaPUC  |9 352772 
600 0 7 |a STORNI, ALFONSINA  |2 CL-VaPUC  |9 320263 
600 0 |a Neruda, Pablo,  |d 1904-1973  |e autor  |9 471955 
650 0 |a Poesías hispanoamericanas  |9 267672 
650 7 |a POESIAS NICARAGUENSES  |2 CL-VaPUC  |9 266965 
650 7 |a POESIAS MEXICANAS  |2 CL-VaPUC  |9 314784 
650 0 |a Poesía argentina  |9 265575 
650 0 |a Poesías peruanas   |9 267668 
650 0 |a Poesías chilenas   |9 265280 
942 |c BK  |2 ddc 
945 |d 19970113 00:00:00  |a rleighto 
952 |0 0  |1 0  |4 0  |6 H_861_000000000000000_CAI_1958  |7 0  |8 A  |9 277574  |a BIBEDU  |b BIBEDU  |d 2019-11-19  |i 3271269  |l 1  |o H861 CAI 1958  |p 3271269  |r 2023-03-31  |s 2023-03-31  |w 2019-11-19  |y BK  |k LIT